Normal view
MARC view
- Vocabulario
Entry Materia
001 - NÚMERO DE CONTROL DEL REGISTRO
- campo de control: 18416
003 - IDENTIFICADOR DE NUMERO DE CONTROL
- campo de control: UPN
005 - FECHA Y HORA DE LA ÚLTIMA TRANSACCIÓN
- campo de control: 20240228084740.0
008 - DATOS DE LONGITUD FIJA
- campo de control de longitud fija: 240228nn|acannbabn | a|a |d
035 ## - NÚMERO DE CONTROL DEL SISTEMA
- Número de control del sistema: UPN10000018424
040 ## - FUENTE DE LA CATALOGACIÓN
- Lengua de catalogación: spa
- Agencia de transcripción: MX-MxUPN
- Centro catalogador de origen: MX-MxUPN
150 ## - ENCABEZAMIENTO - TEMÁTICO
- Término de materia o nombre geográfico como elemento inicial: Vocabulario
- Subdivisión de materia general: Estudio y enseñanza (Preescolar)
670 ## - FUENTE EN LA QUE SE LOCALIZARON DATOS
- Cita de la fuente: LC, 28 de junio de 2011:
- Información localizada: Vocabulary - Study and teaching (Early childhood)
670 ## - FUENTE EN LA QUE SE LOCALIZARON DATOS
- Cita de la fuente: Autoridades BGTQ, 28 de febrero de 2024:
- Información localizada: (Vocabulario--Estudio y enseñanza (Preescolar))
902 ## - CATALOGADOR
- Catalogador: BDV/280611
- Catalogador: MaríaRobles/280224
